|
|
|
|
| LEADER |
00000nmm a2200000 a 4500 |
| 008 |
180925b2002 cr ||||| |||| 00| | spa d |
| 999 |
|
|
|c 2446
|d 2446
|
| 090 |
|
|
|b CD #135
|
| 100 |
1 |
|
|a Castro Gutiérrez, Enia Romilia
|9 4299
|
| 245 |
1 |
0 |
|a Producción de módulos de capacitación multimediales: la inclusión del niños con necesidades educativas especiales, dentro del marco de la educación a distancia y de la unidad didáctica audiovisual /
|c Enia Romilia Castro Gutiérrez, Grethel Rivera Turcios, Raúl Silesky Jiménez, Xinia Zeledón Morales, José Zúñiga Sánchez
|
| 260 |
|
|
|a San José, Costa Rica :
|b E. Castro G.,
|c 2002
|
| 300 |
|
|
|a 1 disco compacto
|
| 500 |
|
|
|a Tesis (Maestría en Tecnología Educativa con énfasis en Producción de Medios Instruccionales) -- Universidad Estatal a Distancia
|
| 650 |
1 |
4 |
|a CURSOS DE CAPACITACIÓN
|9 1470
|
| 650 |
1 |
4 |
|a MEDIOS AUDIOVISUALES
|9 3970
|
| 650 |
1 |
4 |
|a DOCENTES
|9 331
|
| 650 |
1 |
4 |
|a EDUCACIÓN INCLUSIVA
|9 2
|
| 700 |
1 |
|
|a Rivera Turcios, Grethel
|9 4300
|
| 700 |
1 |
|
|a Silesky Jiménez, Raúl
|9 4301
|
| 700 |
1 |
|
|a Zeledón Morales, Xinia
|9 4302
|
| 700 |
1 |
|
|a Zúñiga Sánchez, José
|9 2737
|
| 942 |
|
|
|i 003445
|h CD #135
|2 z
|c 08
|